<?xml version="1.0" encoding="UTF-8"?>
<record
    xmlns:xsi="http://www.w3.org/2001/XMLSchema-instance"
    xsi:schemaLocation="http://www.loc.gov/MARC21/slim http://www.loc.gov/standards/marcxml/schema/MARC21slim.xsd"
    xmlns="http://www.loc.gov/MARC21/slim">

  <leader>00622nab a2200205uuc4500</leader>
  <controlfield tag="001">1430201</controlfield>
  <controlfield tag="005">20240614140405.0</controlfield>
  <controlfield tag="008">151218e20021210                    spa  </controlfield>
  <datafield tag="035" ind1=" " ind2=" ">
    <subfield code="a">1430201</subfield>
  </datafield>
  <datafield tag="040" ind1=" " ind2=" ">
    <subfield code="c">comduadb</subfield>
  </datafield>
  <datafield tag="041" ind1=" " ind2=" ">
    <subfield code="a">spa</subfield>
  </datafield>
  <datafield tag="100" ind1="1" ind2="0">
    <subfield code="a">Lagerlof, Selma Ottiliana Lovisa,</subfield>
    <subfield code="d">1858-1940</subfield>
    <subfield code="4">aut</subfield>
    <subfield code="e">aut</subfield>
    <subfield code="9">249708</subfield>
  </datafield>
  <datafield tag="245" ind1="1" ind2="3">
    <subfield code="a">El paisaje</subfield>
  </datafield>
  <datafield tag="650" ind1=" " ind2=" ">
    <subfield code="a">Literatura - Siglo XX</subfield>
    <subfield code="9">37350</subfield>
  </datafield>
  <datafield tag="650" ind1=" " ind2=" ">
    <subfield code="a">Autoras suecas</subfield>
    <subfield code="9">165318</subfield>
  </datafield>
  <datafield tag="650" ind1=" " ind2=" ">
    <subfield code="a">Cuentos suecos</subfield>
    <subfield code="9">161924</subfield>
  </datafield>
  <datafield tag="650" ind1=" " ind2="7">
    <subfield code="a">Literatura sueca</subfield>
    <subfield code="2">lemb</subfield>
    <subfield code="9">152989</subfield>
  </datafield>
  <datafield tag="773" ind1="0" ind2=" ">
    <subfield code="t">Desde la biblioteca</subfield>
    <subfield code="g">N&#xFA;mero 18, Octubre-Diciembre 2002, 31-35</subfield>
    <subfield code="w">1426244</subfield>
    <subfield code="0">727589</subfield>
  </datafield>
  <datafield tag="942" ind1=" " ind2=" ">
    <subfield code="c">ARIMP</subfield>
  </datafield>
  <datafield tag="999" ind1=" " ind2=" ">
    <subfield code="c">728243</subfield>
    <subfield code="d">728243</subfield>
  </datafield>
</record>
